Tratado de anatomía topográfica con aplicaciones médico-quirúrgicas / (Record no. 129509)

MARC details
000 -LEADER
campo de control de longitud fija 00725nam a2200217 i 4500
001 - NÚMERO DE CONTROL
campo de control 129509
003 - IDENTIFICADOR DE NÚMERO DE CONTROL
campo de control ES-MaACL
005 - FECHA Y HORA DE LA ÚLTIMA TRANSACCIÓN
campo de control 20230906193521.0
007 - CAMPO FIJO DE DESCRIPCIÓN FÍSICA--INFORMACIÓN GENERAL
campo de control de longitud fija t|
008 - DATOS DE LONGITUD FIJA--INFORMACIÓN GENERAL
campo de control de longitud fija 070625s1920 sp ||||1| spa d
100 1# - ENTRADA PRINCIPAL--NOMBRE DE PERSONA
Nombre de persona Testut, Léo (
Fechas asociadas al nombre 1849-1925)
9 (RLIN) 133195
245 10 - MENCIÓN DEL TÍTULO
Título Tratado de anatomía topográfica con aplicaciones médico-quirúrgicas /
Mención de responsabilidad, etc. por Jean Leon Testut, O. Jacob ; traducido por J. Góngora, R. Zariquiey.
250 ## - MENCION DE EDICION
Mención de edición 3ª ed.
260 ## - PUBLICACIÓN, DISTRIBUCIÓN, ETC.
Lugar de publicación, distribución, etc. Barcelona :
Nombre del editor, distribuidor, etc. P. Salvat,
Fecha de publicación, distribución, etc. 1920.
300 ## - DESCRIPCIÓN FÍSICA
Extensión 2 v. ;
Dimensiones 25 cm.
650 #4 - PUNTO DE ACCESO ADICIONAL DE MATERIA--TÉRMINO DE MATERIA
Término de materia o nombre geográfico como elemento de entrada Anatomía topográfica.
9 (RLIN) 151407
700 1# - ENTRADA AGREGADA--NOMBRE PERSONAL
Nombre de persona Jacob, Octave (
Fechas asociadas al nombre 1867-1928)
9 (RLIN) 65832
700 1# - ENTRADA AGREGADA--NOMBRE PERSONAL
Nombre de persona Góngora, J.
9 (RLIN) 58240
700 1# - ENTRADA AGREGADA--NOMBRE PERSONAL
Nombre de persona Zariquiey, R.
9 (RLIN) 118076
852 ## - LOCALIZACIÓN
Ubicación ES-MaACL
Número de control de estantería E-1295-96
Holdings
Estatus retirado Estado de pérdida Estado de daño No para préstamo Biblioteca de origen Biblioteca actual Ubicación en estantería Fecha de adquisición Fuente de adquisición Total de préstamos Signatura topográfica completa Código de barras Visto por última vez Precio de reemplazo Tipo de ítem Koha
        Biblioteca del Ateneo de Madrid Biblioteca del Ateneo de Madrid Depósito 2 17/01/2008     E-1295-96 1134862 23/02/2023 23/02/2023 Libro impreso